| 000 | 00584nam a22001937a 4500 | ||
|---|---|---|---|
| 999 |
_c16993 _d16993 |
||
| 003 | AR-CdUCM | ||
| 008 | 190507b ||||| |||| 00| 0 spa d | ||
| 040 |
_aMUNICIPALIDAD PROVINCIAL DEL CUSCO _cBIBLIOTECA MUNICIPAL DEL CUSCO |
||
| 082 |
_a869.953 / _bV32 |
||
| 100 |
_aVargas Vila, J. M. _936791 |
||
| 245 | _aRubén Darío / | ||
| 260 |
_aMéxico, D.F. : _bDon Quijote, _c1954. |
||
| 300 |
_a247 páginas ; _c18 cm. |
||
| 505 | _aContenido: Cuento | ||
| 650 |
_aLiteratura nicaragüenses _936792 |
||
| 650 |
_aSiglo XIX _9971 |
||
| 942 |
_2ddc _cLIBROS |
||
| 945 |
_aacv _d2019-05-07 |
||